000 00743nam a2200253Ia 4500
003 GCL
008 140319s9999 xx 000 0 ara d
040 _aGCL /
_cGCL
082 0 4 _a320.962
_bع ا
100 1 _aعادل حموده
245 1 0 _aازمة المثقفين وثورة يوليو /
_cعادل حموده
260 _a[S.N] :
_bمكتبة مدبولى ،
_c185
300 _a268 ص
490 _a
650 0 4 _aالعصر الحديث
650 0 4 _aمصر
650 0 4 _aتاريخ
650 0 4 _aالاحوال السياسية
650 0 4 _aالاشتراكية
650 0 4 _aثورة 23 يوليو 1952
650 0 4 _aالمثقفون المصريون
650 0 4 _aجمال عبدالناصر
942 _2ddc
_cBK
999 _c30551
_d30551